Decades of the 1900s - Click Quiz - Statistics

General Stats
  • This quiz has been taken 144 times
  • The average score is 19 of 30
Answer Stats
Hint Answer % Correct
President Kennedy is assassinated 1960s
88%
Hiroshima and Nagasaki are struck by atomic bombs 1940s
83%
WWI officially begins 1910s
81%
MLK delivers his "I Have a Dream" speech 1960s
80%
Apollo 11 lands on the Moon 1960s
80%
The Titanic sinks 1910s
79%
The Vietnam War ends 1970s
76%
Chernobyl experiences a nuclear disaster 1980s
76%
Germany invades Poland, starting WWII 1930s
75%
The Berlin Wall falls 1980s
71%
The Apartheid ends 1990s
70%
Franklin D. Roosevelt is inaugurated for his first term 1930s
69%
The Korean War "ends" 1950s
69%
Yugoslavia dissolves 1990s
66%
The Soviet Union launches Sputnik 1 in outer space 1950s
62%
The October Revolution is sparked in Russia 1910s
61%
India gains independence from Britain 1940s
61%
The Great Depression commences 1920s
60%
The Tiananmen Square Massacre commences 1980s
59%
The Wright Brothers take their first flight 1900s
57%
The United Nations is founded 1940s
57%
Fidel Castro sparks an uprising in Cuba 1950s
54%
Black September kills 12 victims in the Munich Olympics 1970s
54%
Charles Lindbergh flies solo from New York City to Paris 1920s
51%
The Midwest is struck by the Dust Bowl 1930s
50%
Construction of the Panama Canal begins 1900s
37%
A 7.8 earthquake hits San Francisco 1900s
37%
The European Union is established 1990s
32%
The 19th Amendment is ratified 1920s
26%
The first Earth Day is celebrated 1970s
24%
No matching quizzes found
Score Distribution
Percent of People with Each Score
Percentile by Number Answered
Your Score History
You have not taken this quiz